00823nam a2200229 a 450000100100000000500170001000800410002704000250006808200170009310000270011024000410013724500530017826000620023130000210029353400500031465000250036465000240038965000330041304900090044695201210045599900170057600002109120260202095302.0100830s1973 sp r 000 u spa d aDO-SdBNPbspacBNPHU a291.44bE27d1 aEffendi, Shoghi94410414aThe promised day is come.lEspañol13aEl día prometido ha llegado /cShoghi Effendi. aBuenos Aires, (Argentina) :bEditorial Bahá'í,c1973. a190 p. ;c18 cm. aTítulo original :tThe promised day is come 0aVida espiritual9268 0aEspiritualidad9613 4aFormación espiritual96471 aBNGR 001054708MOaGRbGRcCTd2010-08-30iLF1l0o291.44 E27dp21091-10r2020-06-25w2020-06-25y4ZPréstamo en sala c20593d20593